000 00385 a2200157 4500
005 20260407153256.0
008 260407b |||||||| |||| 00| 0 eng d
020 _a9789370989313
080 _aFM
_bFAR/K
100 _aFarsana
245 _aKila(കിള)
260 _bD C books
_aKottayam
_c2025
300 _a208p.
653 _aFiction-Novel-Malayalam Literature
942 _cBK
999 _c115254
_d115253